Normal view
MARC view
Entry Personal Name
001 - CONTROL NUMBER
- control field: 1382
003 - CONTROL NUMBER IDENTIFIER
- control field: ARRUPE
005 - DATE AND TIME OF LATEST TRANSACTION
- control field: 20130926123259.0
008 - FIXED-LENGTH DATA ELEMENTS
- fixed length control field: 130926|| aca||aabn | a|a d
040 ## - CATALOGING SOURCE
- Original cataloging agency: ARRUPE
- Transcribing agency: ARRUPE
100 ## - HEADING--PERSONAL NAME
- Personal name: Hultgren, Arland J.
670 ## - SOURCE DATA FOUND
- Source citation: Work cat.: (ARRUPE)0: Hultgren, Arland J., Paul's gospel and mission :, c1985.